Kỹ thuật di truyền và ứng dụng

Giới thiệu sự hình thành và các giai đoạn phát triển của kỹ thuật di truyền. Nguyên lí thao tác axít Nucleic. Các Ezym và các hệ thống vật chủ. Nguyên lí ứng dụng kỹ thuật di truyền và các lĩnh vực ứng dụng di truyền như tạo ra protein, thực vật và động vật chuyển gen......

Ausführliche Beschreibung

Gespeichert in:
Bibliographische Detailangaben
1. Verfasser: Lê Đình Lương
Weitere Verfasser: Quyền Đình Thi (Tác giả)
Format: Buch
Sprache:Vietnamese
Veröffentlicht: H. Đại học quốc gia Hà Nội 2004
Ausgabe:In lần thứ hai
Schlagworte:
Tags: Tag hinzufügen
Keine Tags, Fügen Sie den ersten Tag hinzu!
Thư viện lưu trữ: Mạng thư viện Đại học Đà Nẵng
LEADER 01219nam a2200313 4500
001 000009109
003 5303
005 20111025091049.0
008 111025s2004 viesd
020 |c 27000đ 
041 0 |a vie 
082 |a 660.6  |b LÊ-L 
100 0 |a Lê Đình Lương 
245 0 |a Kỹ thuật di truyền và ứng dụng  |c B.s.: Lê Đình Lương, Quyền Đình Thi 
250 |a In lần thứ hai 
260 |a H.  |b Đại học quốc gia Hà Nội  |c 2004 
300 |a 304tr.  |b hình vẽ, bảng  |c 21 cm 
504 |a Thư mục: tr.304 
520 |a Giới thiệu sự hình thành và các giai đoạn phát triển của kỹ thuật di truyền. Nguyên lí thao tác axít Nucleic. Các Ezym và các hệ thống vật chủ. Nguyên lí ứng dụng kỹ thuật di truyền và các lĩnh vực ứng dụng di truyền như tạo ra protein, thực vật và động vật chuyển gen... 
653 |a Di truyền 
700 |a Quyền Đình Thi  |e Tác giả 
OWN |a LSP 
999 |a From the UDN01 
TYP |a Monograph 
TYP |a Printed language 
980 |a Mạng thư viện Đại học Đà Nẵng